000
00295nam a22001337a 4500
008
181224b xxu||||| |||| 00| 0 eng d
020
_a
0070701725
041
_a
eng
080
_2
5 TH
_a
370
100
_a
47
101
_a
EDU
245
_a
Creating Composition
_c
Wiener.H..S
942
_2
udc
_c
BK
999
_c
53717
_d
53717